Statistics for "Land" Countries

Click here to take the quiz!

General Stats

  • This quiz has been taken 125,329 times
    (46,872 since last reset)
  • The average score is 8 of 10

Answer Stats

Continent Answer % Correct
EuropeIceland
89%
EuropeFinland
86%
EuropeIreland
86%
OceaniaNew Zealand
86%
EuropePoland
81%
EuropeNetherlands
80%
EuropeSwitzerland
79%
AsiaThailand
77%
OceaniaSolomon Islands
69%
OceaniaMarshall Islands
68%

Score Distribution

Percentile by Number Answered

Percent of People with Each Score

Your Score History

You have not taken this quiz since the last reset